Statystyki dla Największe miasta w Chinach

Kliknij tutaj aby rozwiązać quiz!

Ogólne statystyki

  • Ten quiz został rozwiązany 260 razy
  • Średni wynik to 8 z 20

Statystyki odpowiedzi

PopoulacjaMiasto% Poprawnych
19.8 mPekin
99%
33.6 mSzanghaj
* obejmuje Suzhou, Wuxi
89%
46.7 mKanton
*obejmuje Shenzhen, Donguan
75%
9.05 mWuhan
74%
7.50 mHongkong
68%
6.95 mXi'an
56%
8.15 mChongqing
39%
6.60 mNankin
38%
9.60 mChengdu
34%
12.7 mTiencin
33%
5.10 mHarbin
32%
10.0 mXiamen
24%
6.10 mQingdao
22%
8.45 mHangzhou
19%
8.00 mShenyang
18%
4.95 mZhengzhou
14%
4.93 mChangsha
13%
5.35 mWenzhou
9%
4.95 mHefei
7%
7.65 mShantou
7%

Rozkład punktacji

Percentyl według liczby udzielonych odpowiedzi

Procent ludzi z każdym wynikiem

Twoja historia wyników

Nie rozwiązałeś tego quizu